00718 2200217 4500001002100000005001700021008004100038035002400079040001200103082001200115090001900127111005900146245009100205250001100296260007400307300003100381504003100412650003000443850001200473990001500485YOGYA-0209000003601320090227025056.0 ind  0010-020900000036013 aYOPDYOG a992.622 a992.622bPro S aProyek Inventarisasi dan Dokumentasi kebudayaan daerah aSejarah daerah Sulawesi TengahcProyek Inventarisasi dan Dokumentasi Kebudayaan Daerah aCet. 1 aJakartabProyek Inventarisasi dan Dokumentasi Kebudayaan daerahc1984 aviii, 267 hlmbilusc23 cm aBibliografi : hlm. 232-233 aSulawesi Tengah - Sejarah aYOPDYOG aa000061755